[Event "Paris op"]
[Site "Paris"]
[Date "1998.??.??"]
[Round "1"]
[White "Graziani, Jacques"]
[Black "Shah, Binoy"]
[Result "1/2-1/2"]
[WhiteElo "2070"]
[BlackElo "2205"]
[PlyCount "63"]
[EventDate "1998.07.??"]
[EventType "swiss"]
[EventRounds "9"]
[EventCountry "FRA"]
[SourceTitle "EXT 2000"]
[Source "ChessBase"]
[SourceDate "1999.11.16"]
[SourceVersion "1"]
[SourceVersionDate "1999.11.16"]
[SourceQuality "1"]

1. d4 d5 2. Nf3 Nf6 3. Bf4 c5 4. e3 Nc6 5. c3 Qb6 6. Qc1 Bf5 7. Nbd2 e6 8. Be2 Be7 9. h3 Rc8 10. 0-0 Ne4 11. Ne5 Nd6 12. dxc5 Qxc5 13. Nxc6 Rxc6 14. Nb3 Qb6 15. Nd4 Rc8 16. Bxd6 Qxd6 17. Bb5+ Kf8 18. Nxf5 exf5 19. Qd2 Qe5 20. Qd4 Qxd4 21. exd4 g6 22. Rae1 Bf6 23. Re2 Kg7 24. Rfe1 a6 25. Ba4 b5 26. Bb3 Rhd8 27. Rd1 a5 28. a3 Rc6 29. a4 Rb6 30. axb5 Rxb5 31. Ba4 Rb6 32. Rdd2 1/2-1/2